Management Enzyklopädie Erganzungsband
Salvato in:
| Natura: | Libro |
|---|---|
| Lingua: | tedesco |
| Pubblicazione: |
München
Moderne Industrie
1973
|
| Tags: |
Nessun Tag, puoi essere il primo ad aggiungerne!!
|
MARC
| LEADER | 00000nam a2200000 4500 | ||
|---|---|---|---|
| 001 | c120639 | ||
| 005 | 20210921093259.9 | ||
| 041 | 0 | |a ger | |
| 044 | |a DE | ||
| 245 | 1 | 0 | |a Management Enzyklopädie |b Erganzungsband |
| 264 | 1 | |a München |b Moderne Industrie |c 1973 | |
| 300 | |a 1096 s. | ||